Amor contra voluntad (Registro nro. 5978)
[ vista simple ]
| 000 -CABECERA | |
|---|---|
| Longitud fija campo de control | 00594nam a22001935b 4500 |
| 001 - NÚMERO DE CONTROL | |
| Número de control | bimo0000263600 |
| 003 - IDENTIFICADOR DELl NÚMERO DE CONTROL | |
| Identificador del número de control | OSt |
| 005 - FECHA Y HORA DE LA ÚLTIMA TRANSACCIÓN | |
| Fecha y hora de la última transacción | 20140614213003.0 |
| 008 - CÓDIGOS DE INFORMACIÓN DE LONGITUD FIJA | |
| Códigos de información de longitud fija | 920825s1992 sp | |||| ||spa |
| 020 ## - NÚMERO INTERNACIONAL NORMALIZADO PARA LIBROS | |
| Número Internacional Normalizado para Libros (ISBN) | 84-604-3189-4 |
| 040 ## - FUENTE DE LA CATALOGACIÓN | |
| Centro transcriptor | BMC |
| 082 ## - NÚMERO DE LA CLASIFICACIÓN DECIMAL DEWEY | |
| Númeroo de clasificación | 200.1 |
| 100 1# - PUNTO DE ACCESO PRINCIPAL-NOMBRE DE PERSONA | |
| 9 (RLIN) | 11840 |
| Nombre de persona | Eizaguirre, Ramón |
| 245 1# - MENCIÓN DE TÍTULO | |
| Título | Amor contra voluntad |
| Resto del título | : confrontaciones filosófico-teológicas desde opciones fundamentales |
| Mención de responsabilidad, etc. | Ramón Eizaguirre |
| 260 0# - PUBLICACIÓN, DISTRIBUCIÓN, ETC. (PIE DE IMPRENTA) | |
| Lugar de publicación, distribución, etc. | Zumaya [Guipúzcoa |
| Nombre del editor, distribuidor, etc. | R. Eizaguirre |
| Fecha de publicación, distribución, etc. | 1992] |
| Lugar de fabricación | Madrid |
| Fabricante | Villena |
| 300 ## - DESCRIPCIÓN FÍSICA | |
| Extensión | 312 p. |
| Dimensiones | 21 cm |
| 650 24 - PUNTO DE ACCESO ADICIONAL DE MATERIA - TÉRMINO DE MATERIA | |
| Término de materia o nombre geográfico como elemento inicial | Religión y filosofía |
| 9 (RLIN) | 1387 |
| 942 ## - ENTRADA DE ELEMENTOS AGREGADOS (KOHA) | |
| Fuente de clasificaión o esquema | Dewey Decimal Classification |
| Koha [por defecto] tipo de item | 1- Monografias |
| Suprimido | Perdido | Fuente de clasificación o esquema | Estropeado | Restricciones de uso | No para préstamo | Código de colección | Localización permanente | Localización actual | Localización en estanter&íacute;as | Fecha adquisición | Fuente de adquisición | Número de inventario | Préstamos totales | Signatura completa | Código de barras | Fecha última consulta | Coste, precio reemplazado | Fecha del precio de reemplazo | Tipo de item de Koha |
|---|---|---|---|---|---|---|---|---|---|---|---|---|---|---|---|---|---|---|---|
| NULL | NULL | Dewey Decimal Classification | NULL | Prestable | NULL | NULL | Biblioteca Miguel de Cervantes - UNICAES | Biblioteca Miguel de Cervantes - UNICAES | Sala Principal | 19/01/2002 | Donación - Embajada de España | 009870 | 200.1 EIZ amo | 1009870 | 15/01/2014 | 15.00 | 15/01/2014 | 1- Monografias |